000 00498nam a22001817a 4500
003 OSt
005 20151116101926.0
008 130905t xxu||||| |||| 00| 0 eng d
020 _a9788889272916
050 _aTX 641
_b.P695 2007
082 _aHS 641.5944
_bP68 2006
245 _aPizza.
_btreats just great recipes
260 _aItaly :
_bMcRae Books,
_c c2007.
300 _a64 p. :
_bcol.; ill. ;
_c20 cm.
650 _aCookery, French.
_916670
942 _2lcc
_cBK
999 _c10422
_d10422